000 01180cai a22002175a 4500
001 L141084
008 071026s2007 xxkad f s 000 0 eng d
035 _a(Sirsi) u141084
041 0 _aeng
050 0 4 _a332.642 $2 18
100 1 _aHobbs, Peter
245 0 0 _aImplications of the financial market turmoil on global real estate markets
_h[electronic resource]
260 _aLondon
_bRREEF
_c2007
505 2 _aIntroduction -- Pre-turmoil outlook -- Financial market turmoil -- Economic impacts -- Real estate impacts -- Downside risks -- Implications
520 _aEvaluates implications of financial market turmoil of the Summer of 2007 for real estate markets. Covers: outlook before the Summer 2007 uncertainty; overview of the financial markets during the 2007 turmoil; impact of this turmoil on international real estate markets; explores some of the risks associated with a downside scenario; discusses the implications for investment strategy.
590 _aka
651 4 _aInternational
690 _aPROPERTY-PROPERTY FINANCE AND INVESTMENT
856 4 8 _uhttps://www.rreef.com
_zView this item free of charge under research at: www.rreef.com...
942 _n0
999 _c107609
_d107609